Quick Pick: Emmy Lead Drama Actor Winners (1975-1984) Quiz Stats

 Plays Quiz not verified by Sporcle

Score 0/10 Timer 01:00
1 Play Today
% Correct
Lou Grant
91.4%
Columbo
91.4%
Thomas Magnum
90.9%
Frank Furillo
89.5%
Lou Grant
88.8%
Jim Rockford
84.9%
Frank Furillo
83.9%
Baretta
78.7%
Donald Westphall
71.7%
Kazinsky
65.8%

You're not logged in!

Compare scores with friends on all Sporcle quizzes.
OR
Log In

Sporcle TV

Today on Sporcle TV


Watch our educational content, quiz creation guides, and fun videos on Sporcle TV.

Show Comments

Extras

Top Quizzes Today


Score Distribution

Your Account Isn't Verified!

In order to create a playlist on Sporcle, you need to verify the email address you used during registration. Go to your Sporcle Settings to finish the process.

Report this User

Report this user for behavior that violates our Community Guidelines.

Details: